Statistics for Top 10 Scottish Universities

Click here to take the quiz!

General Stats

  • This quiz has been taken 944 times
  • The average score is 7 of 9

Answer Stats

HintAnswer% Correct
2University of Edinburgh
99%
3University of Glasgow
99%
6University of Aberdeen
94%
1University of St Andrews
90%
7University of Dundee
88%
5University of Strathclyde
71%
9University of Stirling
70%
4Heriot-Watt University
64%
10The Robert Gordon University
46%

Score Distribution

Percentile by Number Answered

Percent of People with Each Score

Your Score History

You have not taken this quiz